1190 1437 1511 1002 1280 1935 1805 1810 1081 1407 1536 1592 1467 1759 1750 1796 1825 1061 1035 1982 1117 1627 1089 1782 1100 1367 1392 1781 1947 1094 1078 1636 1122 1238 1763 1474 1135 1802 1537 1394 1771 1273 1720 1022 1593 1363 1007 1574 1697 1288 1030 1339 1863 1390 1723 1036 1546 1656 1363 1933 1795 1628 1294 1933 1012 1450 1983 1209 1929 1245 1383 1144 1591 1195 1478 1911 1422 1075 1739 1707 1227 1795 1946 1054 1603 1525 1581 1916 1469 1126 1237 1219 1575 1375 1302 1065 1239 1740 1864 BCNSPRNW ULIB Ver.6.0+V

เปลี่ยนเป็นภาษาไทย

Change to English
 แสดงรายละเอียดบรรณานุกรม
  กลับหน้าหลัก

Brief Record : Get Marc (ISO 2709) : E-mail record : QR code < ปิดหน้าต่าง
LEADER : 00000nam 2200000uu 4500
001    13399126451
003     ULIB
008    180918s2559||||th 000 0 tha d
020    ^a9789740334699
050  4 ^aLB 1139.23^bศ295ก
100 0  ^aศศิลักษณ์ ขยันกิจ
245 10 ^aการประเมินอย่างใคร่ครวญต่อเด็กปฐมวัย :^bแนวคิดและการปฏิบัติเพื่อสนับสนุนการเรียนรู้ /^cศศิลักษณ์ ขยันกิจ, บุษบง ตันติวงศ์
260    ^aกรุงเทพฯ :^bสำนักพิมพ์แห่งจุฬาลงกรณ์มหาวิทยาลัย,^c2559
300    ^a206 หน้า :^bภาพประกอบ
650  4 ^aการศึกษาปฐมวัย^xการประเมิน
650  4 ^aครูปฐมวัย
650  4 ^aเด็กปฐมวัย
700 0  ^aบุษบง ตันติวงศ์
945    ^p300^l0^i26653
945    ^p300^l0^i26654
999    ^aกัณชพร จุลอักษร
รายการนี้ยังไม่มีแท็ก
คุณยังไม่ได้ล็อกอิน คุณสามารถมีกิจกรรมร่วมกับเว็บไซต์ได้ แต่ต้องล็อกอินก่อน ::
  ล็อกอิน

รายการสื่อสารสนเทศ

ลำดับที่ ประเภท เลขเรียก/บาร์โค้ด สถานที่ สถานะ
1. หนังสือสำรอง
หนังสือสำรอง
LB 1139.23 ศ295ก ฉ.1 
  Barcode: 26653
ห้องสมุดวิทยาเขตนครสวรรค์
►หนังสือทั่วไป:l:General Books
บนชั้น
2. วิทยาศาสตร์การแพทย์ และสุขภาพ
วิทยาศาสตร์การแพทย์ และสุขภาพ
LB 1139.23 ศ295ก ฉ.2 
  Barcode: 26654
ห้องสมุดวิทยาเขตนครสวรรค์
►หนังสือทั่วไป:l:General Books
บนชั้น

รายการใกล้เคียง
    ผู้แต่ง [ศศิลักษณ์ ขยันกิจ]

    หัวเรื่อง [ครูปฐมวัย]
    หัวเรื่อง [เด็กปฐมวัย]

BibComment


ยังไม่เคยถูกคอมเมนท์

คอมเมนท์ทรัพยากรรายการนี้
  คอมเมนท์: การประเมินอย่างใ..


 Copyright 2026. Bcnsprnw @Library